Elektronický nos

Saved in:
Bibliographic Details
Main Author: Štellmach, Branislav (Author)
Other Authors: Fodran, Peter, 1948- (Thesis advisor)
Format: Manuscript Book
Language:Slovak
Published: 2015
Subjects:
Online Access:http://is.stuba.sk/zp/portal_zp.pl?podrobnosti=113174
Tags: Add Tag
No Tags, Be the first to tag this record!

MARC

LEADER 00000ntm a22000003a 4500
001 stuzp52760
003 SK-STU
005 20160719154254.7
007 ta
008 150427s2015----xo-----f-mn---000-0-slo-d
040 |a STU  |b slo 
041 0 |a slo 
100 1 |a Štellmach, Branislav  |u 043360  |4 aut  |U FCHPT Ústav biochémie, výživy a ochrany zdravia  |T FCHPT Oddelenie výživy a hodnotenia potravín  |X 43975  |U C3360  |Y 114  |7 43975 
242 0 1 |a Electronic Nose  |y eng 
245 1 0 |a Elektronický nos 
260 |c 2015 
650 4 |a senzor  |2 slo 
650 4 |a elektronický nos  |2 slo 
650 4 |a potravinársky priemysel  |2 slo 
650 4 |a electronic nose  |2 eng 
650 4 |a sensor  |2 eng 
650 4 |a food industry  |2 eng 
700 1 |a Fodran, Peter,  |d 1948-  |4 ths  |X 4028  |7 A0000004028 
856 4 |u http://is.stuba.sk/zp/portal_zp.pl?podrobnosti=113174 
SQL |a stuzp52760  |b DDP  |c SLO  |d Elektronický nos  |e 43975  |f Štellmach, Branislav  |g 043360  |h 4028  |i Fodran, Peter  |j 20150609  |k 129  |l 04  |m http://is.stuba.sk/zp/portal_zp.pl?podrobnosti=113174  |n I-VYOZDR  |o 5.2.24. potravinárstvo